Cálculo de probabilidades y Estadística matemática / (Record no. 144878)

MARC details
000 -LEADER
campo de control de longitud fija 00606nam a2200181 4500
001 - NÚMERO DE CONTROL
campo de control 144878
003 - IDENTIFICADOR DE NÚMERO DE CONTROL
campo de control ES-MaACL
005 - FECHA Y HORA DE LA ÚLTIMA TRANSACCIÓN
campo de control 20230906201122.0
007 - CAMPO FIJO DE DESCRIPCIÓN FÍSICA--INFORMACIÓN GENERAL
campo de control de longitud fija t|
008 - DATOS DE LONGITUD FIJA--INFORMACIÓN GENERAL
campo de control de longitud fija 070214s1979 sp r ||||1| spa d
100 1# - ENTRADA PRINCIPAL--NOMBRE DE PERSONA
Nombre de persona Smirnov, N.
9 (RLIN) 106841
245 10 - MENCIÓN DEL TÍTULO
Título Cálculo de probabilidades y Estadística matemática /
Mención de responsabilidad, etc. N. Smirnov, I. Dunin-Barkowskij ; traducido por Raul Rusler.
260 ## - PUBLICACIÓN, DISTRIBUCIÓN, ETC.
Lugar de publicación, distribución, etc. Madrid :
Nombre del editor, distribuidor, etc. Paraninfo,
Fecha de publicación, distribución, etc. 1979 (
Lugar de fabricación/manufactura Fuenlabrada :
Fabricante Torroba)
300 ## - DESCRIPCIÓN FÍSICA
Extensión 578 p. :
Otras características físicas il. ;
Dimensiones 21 cm.
700 1# - ENTRADA AGREGADA--NOMBRE PERSONAL
Nombre de persona Dunin-Barkowskij, I.
9 (RLIN) 46043
700 1# - ENTRADA AGREGADA--NOMBRE PERSONAL
Nombre de persona Rusler, Raul.
9 (RLIN) 101028
852 ## - LOCALIZACIÓN
Ubicación ES-MaACL
Número de control de estantería A-10154
Sublocalización o colección R.98701
Holdings
Estatus retirado Estado de pérdida Estado de daño No para préstamo Biblioteca de origen Biblioteca actual Ubicación en estantería Fecha de adquisición Fuente de adquisición Total de préstamos Signatura topográfica completa Código de barras Visto por última vez Precio de reemplazo Tipo de ítem Koha
        Biblioteca del Ateneo de Madrid Biblioteca del Ateneo de Madrid Depósito 1 17/01/2008     A-10154 1151160 23/02/2023 23/02/2023 Libro impreso